=LDR 00000nam 2200000 4500 =001 INLIS000000000046523 =005 20171002090641 =035 ##$$a 0010-041500000000005 =008 171002###########################0#ind## =020 ##$$a 979-518-423-7 =082 ##$$a 425-Sam-g =100 ##$$a Samekto,S.S, M.A =245 1#$$a Grammar-translation exercises =250 ##$$a Cet.1 =260 ##$$a Jakarta :$b Rineka Cipta,$c 2000 =300 ##$$a xii,131 Hlm ; $c 20 Cm =850 ##$$aNBPNMAT =084 ##$$a 425-Sam-g SAM g =990 ##$$a 0001/BPAP-NTB/20142015 =990 ##$$a 20609941